Flagi państw Świata - Statystyki

Ogólne statystyki
  • Ten quiz został rozwiązany 12 razy
  • Średni wynik to 17 z 18
Statystyki odpowiedzi
Obrazkowy Odpowiedź % Poprawnych
Argentyna
100%
Brazylia
100%
Chiny
100%
Hiszpania
100%
Indie
100%
Japonia
100%
Polska
100%
Rosja
100%
Turcja
100%
USA
100%
Wielka Brytania
100%
Holandia
91%
Macedonia
91%
Niemcy
91%
Panama
82%
Kirgistan
73%
Pakistan
73%
Botswana
55%
Nie znaleziono quizów pasujących do podanych kryteriów
Rozkład punktacji
Procent ludzi z każdym wynikiem
Percentyl według liczby udzielonych odpowiedzi
Twoja historia wyników
Nie rozwiązałeś tego quizu